000 00747nam a22002057a 4500
999 _c259
_d259
003 AR-CdUCM
008 190220b ||||| |||| 00| 0 spa d
040 _aMUNICIPALIDAD PROVINCIAL DEL CUSCO
_cBIBLIOTECA MUNICIPAL DEL CUSCO
082 _a869.508 /
_bPP7
100 _aWells, Herbert George
_91101
245 _aLa guerra de los mundos /
_cHerbert George Wells
260 _aLima :
_b Populibros Peruanos.
300 _a240 páginas ;
_c17 cm.
505 _aContenido: La llegada de los marcianos -- En vísperas de la guerra -- El Meteoro -- En la Landa ...
650 _aNovelas de ciencia ficción.
_91102
650 _aNovelas inglesas-- -Siglo XX
_91103
650 _aTraducciones al español.
_91053
942 _2ddc
_cLIBROS
945 _arac